|
|
|
|
| LEADER |
00000cam a22000004a 4500 |
| 001 |
musev2_15230 |
| 003 |
MdBmJHUP |
| 005 |
20230905041648.0 |
| 006 |
m o d |
| 007 |
cr||||||||nn|n |
| 008 |
111003t20112012quc o 00 0 fre d |
| 020 |
|
|
|a 9782760530102
|
| 020 |
|
|
|z 9782760530096
|
| 035 |
|
|
|a (OCoLC)835775632
|
| 040 |
|
|
|a MdBmJHUP
|c MdBmJHUP
|
| 041 |
1 |
|
|a fre
|h eng
|
| 100 |
1 |
|
|a Bodrova, Elena.
|
| 245 |
1 |
4 |
|a Les outils de la pensée :
|b L'approche vygotskienne dans l'éducation à la petite enfance /
|c Elena Bodrova, Deborah J. Leong.
|
| 264 |
|
1 |
|a Quebec [Que.] :
|b Presses de l'Universite du Quebec,
|c 2012
|
| 264 |
|
3 |
|a Baltimore, Md. :
|b Project MUSE,
|c 2013
|
| 264 |
|
4 |
|c ©2012
|
| 300 |
|
|
|a 1 online resource (362 pages):
|b ill., numerique, fichier PDF.
|
| 336 |
|
|
|a text
|b txt
|2 rdacontent
|
| 337 |
|
|
|a computer
|b c
|2 rdamedia
|
| 338 |
|
|
|a online resource
|b cr
|2 rdacarrier
|
| 490 |
0 |
|
|a Collection Éducation à la petite enfance
|
| 500 |
|
|
|a Publie dans le cadre de la Bibliotheque numerique canadienne, la Collection des editeurs canadiens.
|
| 500 |
|
|
|a Traduction de la 2e ed. de: Tools of the mind.
|
| 588 |
|
|
|a Description based on print version record.
|
| 600 |
1 |
7 |
|a Vygotskiĭ, L. S.
|q (Lev Semenovich),
|d 1896-1934.
|2 fast
|0 (OCoLC)fst00112375
|
| 600 |
1 |
6 |
|a Vygotskij, L. S.
|q (Lev Semënovič),
|d 1896-1934.
|
| 600 |
1 |
0 |
|a Vygotskiĭ, L. S.
|q (Lev Semenovich),
|d 1896-1934.
|
| 650 |
|
7 |
|a Play.
|2 fast
|0 (OCoLC)fst01066938
|
| 650 |
|
7 |
|a Learning, Psychology of.
|2 fast
|0 (OCoLC)fst00995009
|
| 650 |
|
7 |
|a Early childhood education
|x Philosophy.
|2 fast
|0 (OCoLC)fst00900618
|
| 650 |
|
7 |
|a Early childhood education
|x Activity programs.
|2 fast
|0 (OCoLC)fst00900597
|
| 650 |
|
7 |
|a Constructivism (Education)
|2 fast
|0 (OCoLC)fst00876181
|
| 650 |
|
7 |
|a Child development.
|2 fast
|0 (OCoLC)fst00854393
|
| 650 |
|
7 |
|a play (recreation)
|2 aat
|
| 650 |
|
6 |
|a Jeu.
|
| 650 |
|
6 |
|a Éducation de la premiere enfance
|x Methodes actives.
|
| 650 |
|
6 |
|a Psychologie de l'apprentissage.
|
| 650 |
|
6 |
|a Constructivisme (Éducation)
|
| 650 |
|
6 |
|a Enfants
|x Developpement.
|
| 650 |
|
6 |
|a Éducation de la premiere enfance
|x Philosophie.
|
| 650 |
|
2 |
|a Play and Playthings
|
| 650 |
|
2 |
|a Child Development
|
| 650 |
|
0 |
|a Early childhood education
|x Activity programs.
|
| 650 |
|
0 |
|a Play.
|
| 650 |
|
0 |
|a Learning, Psychology of.
|
| 650 |
|
0 |
|a Constructivism (Education)
|
| 650 |
|
0 |
|a Child development.
|
| 650 |
|
0 |
|a Early childhood education
|x Philosophy.
|
| 655 |
|
6 |
|a Livres electroniques.
|
| 655 |
|
7 |
|a Electronic books.
|2 local
|
| 700 |
1 |
|
|a Leong, Deborah.
|
| 710 |
2 |
|
|a Project Muse.
|e distributor
|
| 830 |
|
0 |
|a Book collections on Project MUSE.
|
| 856 |
4 |
0 |
|z Texto completo
|u https://projectmuse.uam.elogim.com/book/15230/
|
| 945 |
|
|
|a Project MUSE - Custom Collection
|
| 945 |
|
|
|a Project MUSE - 2012 Complete Supplement
|